000
00308 a2200145 4500
001
194928
040
_c
Magnum
100
_a
Nunes, Lygia Bojunga
240
1
0
_a
A bolsa amarela
_l
por
245
1
0
_a
A bolsa amarela
300
_a
107
362
0
_a
1993
697
_a
LITERATURA INFANTO-JUVENIL
942
_c
BK
999
_c
194928
_d
194928